| 000 | 00371 a2200169 4500 | ||
|---|---|---|---|
| 001 | 74141 | ||
| 020 | _a852601063-8 | ||
| 040 | _cAnchieta - Colégio São Paulo | ||
| 100 | _aCarvalho, Vicente de | ||
| 240 | 1 | 0 |
_aMelhores poemas _lpor |
| 245 | 1 | 0 | _aMelhores poemas |
| 300 | _a184 | ||
| 362 | 0 | _a2005 | |
| 440 | 1 | _aGlobal | |
| 650 | 4 | _aPoesia brasileira | |
| 942 | _cBK | ||
| 999 |
_c74141 _d74141 |
||